000 00445nam a2200181Ia 4500
001 16328
005 20260306170301.0
008 260306t2006||||xx |||||||||||||| ||und||
041 _aESP
082 _a348.2541
_bT77
100 _aTovar Mena, Teresa
_eAUT
245 0 _aDerecho de la competencia y telecomunicaciones
260 _c2006
300 _a338 páginas :
_c24 cm.
650 _aGEN
654 _aCDE
942 _cLIB
_dJUS
_fJUS
_2ddc
_n
999 _c16328
_d16328